000 00420nam a2200181Ia 4500
005 20250423095906.0
008 250422s9999 xx 000 0 und d
020 _a0-440-16484-2
050 _aPS 3553 .L365 N6/
100 _aClavell, James
245 0 _aJames Clavell`s noble house
260 _aNew York
260 _bDell Publishing
260 _c1981
300 _a1370 p
650 _aFiction
942 _cBK
999 _c31646
_d31646